[Event "3. Memorial Oliver Gonzalez 2012 - B"]
[Site "Madrid ESP"]
[Date "2012.09.08"]
[Round "8.2"]
[White "Zanoletty Garcia, David"]
[Black "Cavalle Pulla, Daniel"]
[Result "1-0"]
[WhiteElo "1962"]
[BlackElo "2019"]
[PlyCount "80"]
[EventDate "2012.09.01"]
[EventType "swiss"]
[EventRounds "9"]
[EventCountry "ESP"]
[Source "lmi"]
[SourceDate "2012.09.01"]

1. d4 Nf6 2. c4 c5 3. d5 b5 4. cxb5 a6 5. b6 Qxb6 6. Nc3 d6 7. e4 g6 8. Nf3
Nbd7 9. Nd2 Bg7 10. Nc4 Qc7 11. a4 Nb6 12. a5 Nxc4 13. Bxc4 O-O 14. O-O Ng4 15.
Be2 Ne5 16. f4 Nd7 17. Bc4 f5 18. Qe2 Bd4+ 19. Kh1 fxe4 20. Nxe4 Nf6 21. Ng5
Qb7 22. Ne6 Bxe6 23. Qxe6+ Kg7 24. Ra2 Qd7 25. Qe2 Rf7 26. Bxa6 Nxd5 27. Bc4 e6
28. Qf3 Nc7 29. Be3 Bf6 30. Bd3 Nd5 31. Bd2 Rb8 32. f5 Bd8 33. Be4 Nb4 34. Bc3+
e5 35. Raa1 Bc7 36. Bxb4 Rxb4 37. a6 d5 38. f6+ Kf8 39. Bxd5 Rf4 40. Qb3 R7xf6
1-0

[Event "3. Memorial Oliver Gonzalez 2012 - B"]
[Site "Madrid ESP"]
[Date "2012.09.08"]
[Round "8.3"]
[White "Rojas Pozo, Jose Luis"]
[Black "Lopez De Turiso, Jose Angel"]
[Result "0-1"]
[WhiteElo "1963"]
[BlackElo "2046"]
[PlyCount "42"]
[EventDate "2012.09.01"]
[EventType "swiss"]
[EventRounds "9"]
[EventCountry "ESP"]
[Source "lmi"]
[SourceDate "2012.09.01"]

1. e4 e5 2. Nf3 Nc6 3. Bb5 f5 4. d3 fxe4 5. dxe4 Nf6 6. O-O d6 7. Nc3 Be7 8.
Qd3 Bg4 9. a3 Bxf3 10. Qxf3 O-O 11. Bc4+ Kh8 12. Ne2 Qe8 13. Ng3 Qg6 14. Qd3
Nh5 15. Nxh5 Qxh5 16. f4 exf4 17. Bxf4 Bf6 18. c3 Be5 19. Qg3 Rxf4 20. Rxf4
Bxf4 21. Qxf4 Qc5+ 0-1

[Event "3. Memorial Oliver Gonzalez 2012 - B"]
[Site "Madrid ESP"]
[Date "2012.09.08"]
[Round "8.4"]
[White "Morona Minguez, Irene"]
[Black "Avendaño Mateos, Jose"]
[Result "0-1"]
[WhiteElo "1952"]
[BlackElo "2014"]
[PlyCount "68"]
[EventDate "2012.09.01"]
[EventType "swiss"]
[EventRounds "9"]
[EventCountry "ESP"]
[Source "lmi"]
[SourceDate "2012.09.01"]

1. e4 c5 2. Nf3 a6 3. c3 g6 4. d4 cxd4 5. cxd4 Bg7 6. Nc3 d6 7. Be3 e6 8. Qd2
b5 9. a3 Bb7 10. Rc1 Ne7 11. Bd3 O-O 12. Bh6 Nd7 13. h4 Nf6 14. h5 Ng4 15. Bxg7
Kxg7 16. Qf4 f5 17. Ng5 Qd7 18. hxg6 h6 19. exf5 exf5 20. f3 Nxg6 21. Qg3 Qe7+
22. Ne2 hxg5 23. fxg4 f4 24. Qf2 Rh8 25. Rxh8 Rxh8 26. Kd2 Rh2 27. d5 Bxd5 28.
Qd4+ Qe5 29. Rc7+ Bf7 30. Qxe5+ Nxe5 31. Be4 d5 32. Bxd5 Kf6 33. Be4 f3 34.
gxf3 Bc4 0-1

[Event "3. Memorial Oliver Gonzalez 2012 - B"]
[Site "Madrid ESP"]
[Date "2012.09.08"]
[Round "8.5"]
[White "Lara Granero, Bio"]
[Black "De Sousa Da Silva, Armando"]
[Result "0-1"]
[WhiteElo "2069"]
[BlackElo "2014"]
[PlyCount "120"]
[EventDate "2012.09.01"]
[EventType "swiss"]
[EventRounds "9"]
[EventCountry "ESP"]
[Source "lmi"]
[SourceDate "2012.09.01"]

1. e4 d5 2. exd5 Qxd5 3. Nc3 Qd6 4. d4 Nf6 5. Nf3 Bg4 6. h3 Bh5 7. g4 Bg6 8.
Ne5 Nbd7 9. Bf4 Nd5 10. Bg3 Nxc3 11. bxc3 Nxe5 12. Bxe5 Qc6 13. d5 Qa4 14. Qd4
Qxd4 15. cxd4 O-O-O 16. Bg2 f6 17. Bf4 e6 18. dxe6 Bb4+ 19. Kf1 Rxd4 20. Be3
Rd6 21. Rb1 a5 22. a3 Bxc2 23. Rc1 Bd3+ 24. Kg1 Bxa3 25. Rd1 Bc4 26. Ra1 Bb4
27. Kh2 Rxe6 28. Rhb1 Rd8 29. Bf4 Ba6 30. h4 Bd6 31. Bxd6 Rdxd6 32. Rxa5 Rd2
33. Kg3 Ree2 34. Bf1 Ra2 35. Rh5 Bd3 36. Rb3 Bc2 37. Rc3 Re5 38. Bc4 Rb2 39.
Rxe5 fxe5 40. Re3 e4 41. Be6+ Kd8 42. Bf5 g6 43. Bxe4 Bxe4 44. Rxe4 c5 45. h5
b5 46. hxg6 hxg6 47. Re6 Kd7 48. Rxg6 c4 49. g5 c3 50. Rg7+ Kd6 51. Rg8 Rb1 52.
Rc8 b4 53. Kf3 Re1 54. g6 Rg1 55. g7 Rxg7 56. Ke4 Rc7 57. Rd8+ Ke7 58. Rd1 c2
59. Rc1 b3 60. Kd3 Kf6 0-1

[Event "3. Memorial Oliver Gonzalez 2012 - B"]
[Site "Madrid ESP"]
[Date "2012.09.08"]
[Round "8.6"]
[White "Vazquez Gonzalez, Jesus"]
[Black "Mañas Molina, Angel"]
[Result "1-0"]
[WhiteElo "2061"]
[BlackElo "1939"]
[PlyCount "65"]
[EventDate "2012.09.01"]
[EventType "swiss"]
[EventRounds "9"]
[EventCountry "ESP"]
[Source "lmi"]
[SourceDate "2012.09.01"]

1. e4 c5 2. Nf3 a6 3. c3 Nf6 4. e5 Nd5 5. Bc4 e6 6. a4 d6 7. d4 Nb6 8. Ba2 cxd4
9. Bg5 Be7 10. Bxe7 Qxe7 11. Qxd4 Qd8 12. exd6 O-O 13. Ne5 f6 14. Nc4 Nxa4 15.
Bb3 b5 16. Bxa4 bxc4 17. Nd2 Bb7 18. Nxc4 e5 19. Qb6 Bxg2 20. Rg1 Bh3 21. O-O-O
Nd7 22. Qe3 Be6 23. Qh6 Rf7 24. Bc2 Nf8 25. Ne3 Kh8 26. Qh5 Qd7 27. Nf5 g6 28.
Nh6 Rg7 29. Qf3 Rd8 30. Qxf6 Re8 31. Rg5 Qd8 32. Qxe5 Bg4 33. Nf7+ 1-0

[Event "3. Memorial Oliver Gonzalez 2012 - B"]
[Site "Madrid ESP"]
[Date "2012.09.08"]
[Round "8.7"]
[White "Camarero Izquierdo, Juan Carlo"]
[Black "Quintero Torres, Pedro"]
[Result "0-1"]
[WhiteElo "1899"]
[BlackElo "2053"]
[PlyCount "88"]
[EventDate "2012.09.01"]
[EventType "swiss"]
[EventRounds "9"]
[EventCountry "ESP"]
[Source "lmi"]
[SourceDate "2012.09.01"]

1. d4 Nf6 2. Nc3 d5 3. Bg5 Nbd7 4. Nf3 g6 5. Qd2 Ne4 6. Nxe4 dxe4 7. Ng1 Nb6 8.
f3 Bg7 9. O-O-O Qd5 10. Kb1 Nc4 11. Qc1 h6 12. Bf4 Nd6 13. Be5 Bxe5 14. dxe5
Qxe5 15. e3 Be6 16. Ne2 Qa5 17. Nc3 O-O-O 18. Rd4 exf3 19. gxf3 Nf5 20. Ra4 Qb6
21. e4 Nd4 22. f4 Nc6 23. h4 h5 24. Bh3 Bxh3 25. Rxh3 Rd4 26. Nd5 Qb5 27. Nxe7+
Kd7 28. Rxd4+ Nxd4 29. Nd5 Kc8 30. Ra3 Nc6 31. Rb3 Qc4 32. Nf6 Qd4 33. e5 Qf2
34. a3 Rd8 35. Ne4 Qd4 36. Nc3 Qd2 37. Qf1 Nd4 38. Rb4 Qxc2+ 39. Ka2 Qf5 40.
Qf2 Nc6 41. Ra4 Qe6+ 42. Ka1 Qb3 43. Re4 Rd1+ 44. Nb1 Qd3 0-1

[Event "3. Memorial Oliver Gonzalez 2012 - B"]
[Site "Madrid ESP"]
[Date "2012.09.08"]
[Round "8.9"]
[White "Garcia Salamero, Hector"]
[Black "Sarto Ramos, Angel"]
[Result "0-1"]
[WhiteElo "1868"]
[BlackElo "2020"]
[PlyCount "84"]
[EventDate "2012.09.01"]
[EventType "swiss"]
[EventRounds "9"]
[EventCountry "ESP"]
[Source "lmi"]
[SourceDate "2012.09.01"]

1. e4 g6 2. g3 Bg7 3. Bg2 c5 4. Nc3 Nc6 5. Nge2 Nf6 6. d3 d6 7. h3 Nd4 8. Be3
e5 9. Qd2 Be6 10. f4 O-O 11. O-O Rb8 12. Nd1 Nh5 13. Kh2 Nxe2 14. Qxe2 exf4 15.
gxf4 f5 16. c3 Bh6 17. e5 dxe5 18. fxe5 f4 19. Bf2 Bd5 20. Bf3 Bxf3 21. Qxf3 b6
22. c4 Rf5 23. Re1 Qe7 24. e6 Rf6 25. Nc3 Rxe6 26. Nd5 Qf7 27. Rxe6 Qxe6 28.
Re1 Qd6 29. Re7 Rf8 30. Rxa7 Qe5 31. Nxb6 Qxb2 32. Qd5+ Kh8 33. Qxc5 Bg7 34.
Ra8 Rxa8 35. Nxa8 h6 36. Nb6 Qe2 37. Nd7 Ng3 38. Nf8 Qxd3 39. Qc8 Qf3 40. Nxg6+
Kh7 41. Nxf4 Qxf2+ 42. Ng2 Ne2 0-1

[Event "3. Memorial Oliver Gonzalez 2012 - B"]
[Site "Madrid ESP"]
[Date "2012.09.08"]
[Round "8.10"]
[White "Rives Higueras, Alan"]
[Black "Morera Rodriguez, Ignacio"]
[Result "1-0"]
[WhiteElo "1959"]
[BlackElo "1800"]
[PlyCount "63"]
[EventDate "2012.09.01"]
[EventType "swiss"]
[EventRounds "9"]
[EventCountry "ESP"]
[Source "lmi"]
[SourceDate "2012.09.01"]

1. e4 c5 2. Nf3 d6 3. d4 cxd4 4. Nxd4 Nf6 5. Nc3 a6 6. Be2 e6 7. Be3 Be7 8. Qd2
b5 9. a3 Bb7 10. f3 Qc7 11. O-O-O Nc6 12. Ndxb5 axb5 13. Nxb5 Qd8 14. Nxd6+
Bxd6 15. Qxd6 Qxd6 16. Rxd6 O-O 17. Rhd1 h6 18. Bb5 Ne5 19. a4 Rac8 20. b3 Bc6
21. Be2 g5 22. h4 g4 23. Bxh6 Nxe4 24. Bxf8 Nc3 25. Rd8 Nxe2+ 26. Kb2 Rxd8 27.
Rxd8 Kh7 28. fxg4 Nxg4 29. a5 Bxg2 30. a6 Ne5 31. a7 Nc6 32. a8=Q 1-0

[Event "3. Memorial Oliver Gonzalez 2012 - B"]
[Site "Madrid ESP"]
[Date "2012.09.08"]
[Round "8.11"]
[White "Alfaya Marcelo, Roberto"]
[Black "Noval Toldos, Francisco Javier"]
[Result "0-1"]
[WhiteElo "1740"]
[BlackElo "1956"]
[PlyCount "72"]
[EventDate "2012.09.01"]
[EventType "swiss"]
[EventRounds "9"]
[EventCountry "ESP"]
[Source "lmi"]
[SourceDate "2012.09.01"]

1. e4 c5 2. Nf3 Nf6 3. Nc3 d5 4. exd5 Nxd5 5. Bc4 e6 6. O-O Be7 7. d4 Nxc3 8.
bxc3 O-O 9. Rb1 Qa5 10. Bd2 a6 11. Bd3 Qxa2 12. c4 Qa4 13. Ng5 Bxg5 14. Bxg5
cxd4 15. Qh5 f5 16. f4 Qe8 17. Qh4 Nc6 18. Rf3 g6 19. Rh3 Qf7 20. c5 Re8 21.
Bc4 Ra7 22. Rb6 Bd7 23. Ba2 a5 24. Bb3 a4 25. Ba2 Bc8 26. c3 dxc3 27. Rxc3 Qd7
28. Qe1 Qd4+ 29. Kh1 Kg7 30. Re3 Qxc5 31. Rxc6 Qxc6 32. Qa1+ Kg8 33. Bh6 b5 34.
Rc3 Qd6 35. Rxc8 Rxc8 36. Qe1 Re7 0-1

[Event "3. Memorial Oliver Gonzalez 2012 - B"]
[Site "Madrid ESP"]
[Date "2012.09.08"]
[Round "8.12"]
[White "Hernanz Villaoslada, Javier"]
[Black "Rosa Ramirez, Victor D"]
[Result "0-1"]
[WhiteElo "1658"]
[BlackElo "1951"]
[PlyCount "68"]
[EventDate "2012.09.01"]
[EventType "swiss"]
[EventRounds "9"]
[EventCountry "ESP"]
[Source "lmi"]
[SourceDate "2012.09.01"]

1. d4 d5 2. c4 e6 3. Nc3 Nf6 4. Nf3 c6 5. Bg5 Nbd7 6. e3 Qa5 7. cxd5 Nxd5 8.
Qc2 Bb4 9. Rc1 Qxa2 10. Be2 Nxc3 11. bxc3 Qxc2 12. Rxc2 Bd6 13. O-O f6 14. Bh4
e5 15. Bg3 Ke7 16. Nd2 Nb6 17. c4 Bb8 18. c5 Nd7 19. Bf3 Rd8 20. Nc4 exd4 21.
exd4 Bxg3 22. fxg3 Nb8 23. Re1+ Kf8 24. Nd6 Rxd6 25. cxd6 a5 26. d5 Bd7 27.
dxc6 Nxc6 28. Rb1 Bf5 29. Rcb2 Bxb1 30. Rxb1 Ra7 31. Rb6 Ke8 32. Rxb7 Rxb7 33.
Bxc6+ Rd7 34. Kf2 Kd8 0-1

[Event "3. Memorial Oliver Gonzalez 2012 - B"]
[Site "Madrid ESP"]
[Date "2012.09.08"]
[Round "8.13"]
[White "Tirado Parra, Alberto"]
[Black "Rodriguez Bachiller, Luis"]
[Result "1-0"]
[WhiteElo "1910"]
[BlackElo "1813"]
[PlyCount "77"]
[EventDate "2012.09.01"]
[EventType "swiss"]
[EventRounds "9"]
[EventCountry "ESP"]
[Source "lmi"]
[SourceDate "2012.09.01"]

1. d4 g6 2. Nf3 Bg7 3. Bf4 d6 4. e3 c5 5. c3 cxd4 6. cxd4 Qa5+ 7. Nc3 Nf6 8.
Nd2 O-O 9. Be2 Bd7 10. O-O Nc6 11. Qb3 Rab8 12. Nc4 Qb4 13. Qd1 Na5 14. a3 Qxc4
15. Bxc4 Nxc4 16. Qe2 Rbc8 17. Rac1 Na5 18. b4 Nc4 19. a4 Nh5 20. Bg5 e6 21.
Ne4 d5 22. Nc5 Rc7 23. g4 Bf6 24. Bh6 Bg7 25. Bg5 Bf6 26. Bxf6 Nxf6 27. Qf3 Kg7
28. Qf4 Rfc8 29. e4 Nxe4 30. Rxc4 Nxc5 31. Rxc5 Rxc5 32. bxc5 a6 33. Rb1 Bc6
34. Rb3 Rd8 35. Rh3 Rh8 36. Qe5+ Kg8 37. Qf6 Bxa4 38. Rf3 Be8 39. Qe7 1-0

[Event "3. Memorial Oliver Gonzalez 2012 - B"]
[Site "Madrid ESP"]
[Date "2012.09.08"]
[Round "8.14"]
[White "Juberias Guillen, Paloma"]
[Black "Vargas Huamani, Juan C"]
[Result "1-0"]
[WhiteElo "1788"]
[BlackElo "1898"]
[PlyCount "71"]
[EventDate "2012.09.01"]
[EventType "swiss"]
[EventRounds "9"]
[EventCountry "ESP"]
[Source "lmi"]
[SourceDate "2012.09.01"]

1. d4 Nf6 2. c4 c5 3. d5 e6 4. Nc3 exd5 5. cxd5 d6 6. e4 g6 7. f4 Bg7 8. Nf3
O-O 9. Bd3 b5 10. Bxb5 Nxe4 11. Nxe4 Qa5+ 12. Kf2 Qxb5 13. Nxd6 Qb6 14. Nxc8
Rxc8 15. Rb1 c4+ 16. Be3 Qa5 17. a3 Rd8 18. d6 Bf8 19. Qc2 Bxd6 20. Qxc4 Nd7
21. Ng5 Qf5 22. Rhd1 Rac8 23. Qe4 Qxe4 24. Nxe4 Be7 25. Bxa7 Nf6 26. Nxf6+ Bxf6
27. Rxd8+ Rxd8 28. Ke2 Rc8 29. b4 Rc2+ 30. Kf1 Ra2 31. b5 Rxa3 32. b6 Bd4 33.
Bb8 Ra2 34. b7 Rf2+ 35. Ke1 Rxg2 36. Rb5 1-0

[Event "3. Memorial Oliver Gonzalez 2012 - B"]
[Site "Madrid ESP"]
[Date "2012.09.08"]
[Round "8.15"]
[White "Ortega Morales, Pedro"]
[Black "Merino Araguas, Jose Javier"]
[Result "0-1"]
[WhiteElo "1876"]
[BlackElo "1811"]
[PlyCount "92"]
[EventDate "2012.09.01"]
[EventType "swiss"]
[EventRounds "9"]
[EventCountry "ESP"]
[Source "lmi"]
[SourceDate "2012.09.01"]

1. d4 d5 2. Bf4 Bf5 3. e3 Nf6 4. Nd2 e6 5. Ngf3 Nbd7 6. Be2 Be7 7. h3 O-O 8.
O-O c6 9. c4 Ne4 10. Nxe4 Bxe4 11. Nd2 Bg6 12. a3 dxc4 13. Nxc4 Nb6 14. Ne5 Nd5
15. Bh2 Be4 16. Bd3 Bxd3 17. Qxd3 Bd6 18. b4 Qe7 19. Rac1 Rfd8 20. Qb3 Rac8 21.
Rc2 Rc7 22. f4 Bxe5 23. fxe5 Qg5 24. e4 Qe3+ 25. Qxe3 Nxe3 26. Re2 Nxf1 27.
Kxf1 Rcd7 28. Bg1 f6 29. exf6 gxf6 30. Rc2 e5 31. dxe5 Rd1+ 32. Kf2 R1d2+ 33.
Rxd2 Rxd2+ 34. Kf1 fxe5 35. Bxa7 Kf7 36. a4 Ra2 37. a5 Rb2 38. Bc5 Kg6 39. Be7
Rc2 40. g3 Rc4 41. Kf2 Rxe4 42. Kf3 Rc4 43. h4 Kf5 44. Bd6 Rc3+ 45. Kf2 Rb3 46.
Bc5 h5 0-1

[Event "3. Memorial Oliver Gonzalez 2012 - B"]
[Site "Madrid ESP"]
[Date "2012.09.08"]
[Round "8.17"]
[White "Dominguez Alfara, Miguel"]
[Black "Vazquez Gonzalez, Francisco"]
[Result "0-1"]
[WhiteElo "1828"]
[BlackElo "2049"]
[PlyCount "56"]
[EventDate "2012.09.01"]
[EventType "swiss"]
[EventRounds "9"]
[EventCountry "ESP"]
[Source "lmi"]
[SourceDate "2012.09.01"]

1. d4 d5 2. Nf3 Nf6 3. e3 c6 4. c4 e6 5. Bd3 Be7 6. O-O O-O 7. Nbd2 Nbd7 8. b3
h6 9. Bb2 Re8 10. Ne5 Nxe5 11. dxe5 Nd7 12. f4 f5 13. g4 Nc5 14. Bc2 Ne4 15.
cxd5 cxd5 16. gxf5 exf5 17. Nxe4 dxe4 18. Qh5 Be6 19. Rad1 Qb6 20. Bd4 Bc5 21.
Kf2 Rac8 22. Qe2 Qc7 23. Rd2 Bb4 24. Rfd1 Bxd2 25. Rxd2 a6 26. Qh5 Qa5 27. Ke1
Rxc2 28. Qxe8+ Kh7 0-1

[Event "3. Memorial Oliver Gonzalez 2012 - B"]
[Site "Madrid ESP"]
[Date "2012.09.08"]
[Round "8.18"]
[White "Ore Leon, Gustavo"]
[Black "Julian Serra, Rogelio"]
[Result "1-0"]
[WhiteElo "1812"]
[BlackElo "2042"]
[PlyCount "82"]
[EventDate "2012.09.01"]
[EventType "swiss"]
[EventRounds "9"]
[EventCountry "ESP"]
[Source "lmi"]
[SourceDate "2012.09.01"]

1. d4 Nf6 2. c4 e5 3. dxe5 Ng4 4. Bf4 Nc6 5. Nf3 Bb4+ 6. Nbd2 d6 7. Bg5 f6 8.
exf6 gxf6 9. Bh4 Qe7 10. e3 Bd7 11. Be2 O-O-O 12. O-O Rhg8 13. Nb3 Qg7 14. Bg3
h5 15. Nh4 Nce5 16. a3 Bc5 17. Nxc5 dxc5 18. Qc2 Kb8 19. Rad1 Rdf8 20. Rd2 f5
21. Qc3 Qe7 22. h3 Ng6 23. Nxg6 Rxg6 24. hxg4 hxg4 25. Qe5 Qxe5 26. Bxe5 Bc6
27. Rfd1 Kc8 28. Kh2 Re8 29. Kg3 b6 30. Bf4 Rh8 31. Bd3 Rh5 32. Bc2 Rg7 33.
Rd8+ Kb7 34. Be5 Rgh7 35. Re1 Bd7 36. Rd1 Bc6 37. Rf8 Rh2 38. Rg1 Bxg2 39. Bxf5
R7h3+ 40. Kf4 a5 41. Rxg2 Rxg2 1-0

[Event "3. Memorial Oliver Gonzalez 2012 - B"]
[Site "Madrid ESP"]
[Date "2012.09.08"]
[Round "8.19"]
[White "Montes De Santiago, Fernando"]
[Black "Sacristan Latorre, Alberto"]
[Result "0-1"]
[WhiteElo "1818"]
[BlackElo "2041"]
[PlyCount "92"]
[EventDate "2012.09.01"]
[EventType "swiss"]
[EventRounds "9"]
[EventCountry "ESP"]
[Source "lmi"]
[SourceDate "2012.09.01"]

1. d4 Nf6 2. c4 g6 3. Nc3 Bg7 4. e4 d6 5. Nf3 O-O 6. Be2 Nbd7 7. Bg5 h6 8. Be3
e5 9. d5 Ng4 10. Qc1 Nxe3 11. Qxe3 f5 12. b4 a5 13. b5 Nc5 14. Bd3 Qf6 15. Nd2
f4 16. Qe2 Qg5 17. O-O-O Qxg2 18. f3 Nxd3+ 19. Qxd3 Qf2 20. Rdf1 Qc5 21. Na4
Qb4 22. Qb3 Bh3 23. Rf2 Bf6 24. a3 Qxb3 25. Nxb3 Bh4 26. Rc2 b6 27. Nc3 Kf7 28.
Rg1 Rg8 29. Nd1 Rg7 30. Nf2 Bxf2 31. Rxf2 Rag8 32. Nd2 g5 33. Kd1 h5 34. Ke2
Bd7 35. Rfg2 g4 36. Nf1 gxf3+ 37. Kxf3 Bg4+ 38. Kf2 f3 39. Rg3 h4 40. Rxf3+
Bxf3 41. Rxg7+ Kxg7 42. Kxf3 Rf8+ 43. Kg2 Rf4 44. Nd2 Kg6 45. a4 Kg5 46. h3 Rf6
0-1

[Event "3. Memorial Oliver Gonzalez 2012 - B"]
[Site "Madrid ESP"]
[Date "2012.09.08"]
[Round "8.21"]
[White "Ortiz Berruguete, Adrian"]
[Black "Alonso Aranzabal, Iñigo"]
[Result "0-1"]
[WhiteElo "1803"]
[BlackElo "1976"]
[PlyCount "106"]
[EventDate "2012.09.01"]
[EventType "swiss"]
[EventRounds "9"]
[EventCountry "ESP"]
[Source "lmi"]
[SourceDate "2012.09.01"]

1. e4 e5 2. Nf3 Nc6 3. Bb5 a6 4. Ba4 Nf6 5. Qe2 Be7 6. d3 b5 7. Bb3 d6 8. c3
O-O 9. Bg5 Na5 10. Bc2 c5 11. Nbd2 Nc6 12. Nf1 h6 13. Bh4 Nh5 14. Bxe7 Qxe7 15.
g3 f5 16. exf5 Bxf5 17. Nh4 Nf4 18. Nxf5 Ng2+ 19. Kd1 Rxf5 20. Rg1 b4 21. Bb3+
Kh8 22. Rxg2 bxc3 23. bxc3 Rb8 24. Ne3 Rff8 25. Nd5 Qb7 26. Qe4 Na5 27. Rb1 Qf7
28. Nf4 Rxb3 29. Ng6+ Qxg6 30. Qxg6 Rxb1+ 31. Ke2 Rb2+ 32. Ke3 Rf6 33. Qe8+ Kh7
34. Qa4 Nb7 35. Qxa6 d5 36. Qa3 d4+ 37. cxd4 exd4+ 38. Ke4 Re2+ 39. Kd5 Rd6+
40. Kc4 Rc2+ 41. Kb3 Rc3+ 42. Kb2 Rb6+ 43. Qb3 Rcxb3+ 44. axb3 Na5 45. f4 Rxb3+
46. Kc2 Rc3+ 47. Kb2 Rxd3 48. Rc2 c4 49. Kc1 Nb3+ 50. Kb1 c3 51. Ka2 Nc5 52.
Ka3 Rd2 53. Rc1 Rb2 0-1

[Event "3. Memorial Oliver Gonzalez 2012 - B"]
[Site "Madrid ESP"]
[Date "2012.09.08"]
[Round "8.22"]
[White "Sierra Soria, Maria"]
[Black "Lopez Heras, Arturo"]
[Result "1-0"]
[WhiteElo "1795"]
[BlackElo "1976"]
[PlyCount "91"]
[EventDate "2012.09.01"]
[EventType "swiss"]
[EventRounds "9"]
[EventCountry "ESP"]
[Source "lmi"]
[SourceDate "2012.09.01"]

1. e4 e5 2. Nf3 Nc6 3. Bb5 f5 4. d3 fxe4 5. dxe4 Nf6 6. O-O Bc5 7. Nc3 d6 8.
Bg5 a6 9. Ba4 h6 10. Bh4 g5 11. Bg3 Be6 12. Qe2 Qe7 13. Rad1 b5 14. Bb3 Bxb3
15. axb3 h5 16. h4 g4 17. Ng5 Nd4 18. Qd3 Nh7 19. Nd5 Qg7 20. Nxh7 Rxh7 21. b4
Ba7 22. c3 Ne6 23. Ra1 c6 24. Ne3 Qc7 25. Rxa6 Nf4 26. Qd2 Rd7 27. Rd1 Ke7 28.
Raa1 Ke6 29. Qc2 Rf8 30. Re1 Rdf7 31. b3 d5 32. c4 d4 33. Nf5 d3 34. Qd2 Ne2+
35. Kh2 Rd8 36. c5 Bb8 37. Nd6 Rxd6 38. cxd6 Qxd6 39. Rad1 Rd7 40. Qh6+ Ke7 41.
Qxh5 Qe6 42. Rd2 Rd4 43. Red1 Nc3 44. Re1 Nxe4 45. Rxe4 Rxe4 46. Qh7+ 1-0

[Event "3. Memorial Oliver Gonzalez 2012 - B"]
[Site "Madrid ESP"]
[Date "2012.09.08"]
[Round "8.24"]
[White "Rodriguez Dorado, Victor"]
[Black "Hernandez Ramos, David"]
[Result "1/2-1/2"]
[WhiteElo "1958"]
[BlackElo "1661"]
[PlyCount "132"]
[EventDate "2012.09.01"]
[EventType "swiss"]
[EventRounds "9"]
[EventCountry "ESP"]
[Source "lmi"]
[SourceDate "2012.09.01"]

1. c4 g6 2. Nc3 Bg7 3. Nf3 Nc6 4. g3 e5 5. d3 Nge7 6. Bg2 d6 7. O-O O-O 8. Bd2
Bg4 9. Rb1 Qc8 10. Re1 Bh3 11. Bh1 Bd7 12. b4 f5 13. e3 Qe8 14. b5 Nd8 15. d4
Rb8 16. c5 Ne6 17. Qb3 Kh8 18. cxd6 cxd6 19. Qb4 Nc8 20. dxe5 dxe5 21. Nd5 e4
22. Nh4 Rf7 23. Rec1 Ne7 24. Qd6 Nxd5 25. Qxd5 Bc8 26. Bc3 Nc7 27. Bxg7+ Rxg7
28. Qd6 Qe7 29. Qd4 b6 30. Ng2 Bb7 31. Nf4 Rd8 32. Qa4 Ra8 33. Rxc7 Qxc7 34.
Ne6 Qd7 35. Nxg7 Qxg7 36. Bg2 Bd5 37. Rd1 Bg8 38. f3 exf3 39. Bxf3 Re8 40. e4
fxe4 41. Bxe4 Re7 42. Rd8 Rd7 43. Rxd7 Qxd7 44. Bc6 Qe7 45. Qd4+ Qg7 46. Qxg7+
Kxg7 47. a3 Kf6 48. Kf2 Ke5 49. Ke3 Bc4 50. h4 a5 51. bxa6 Bxa6 52. Be4 Bc4 53.
h5 Bd5 54. Bd3 Bf7 55. hxg6 Bxg6 56. Bxg6 hxg6 57. a4 Kf5 58. Kf3 Ke5 59. Kg4
Kd4 60. Kg5 Kc4 61. Kxg6 Kb4 62. Kf5 Kxa4 63. Ke4 b5 64. Kd3 Ka3 65. Kc2 Ka2
66. Kc3 Ka3 1/2-1/2

[Event "3. Memorial Oliver Gonzalez 2012 - B"]
[Site "Madrid ESP"]
[Date "2012.09.08"]
[Round "8.25"]
[White "Martinez Miura, Enrique"]
[Black "Marcos Herrero, Francisco"]
[Result "1/2-1/2"]
[WhiteElo "1707"]
[BlackElo "1937"]
[PlyCount "82"]
[EventDate "2012.09.01"]
[EventType "swiss"]
[EventRounds "9"]
[EventCountry "ESP"]
[Source "lmi"]
[SourceDate "2012.09.01"]

1. e4 c5 2. c4 Nc6 3. Nc3 g6 4. g3 Bg7 5. Bg2 Nf6 6. Nge2 O-O 7. O-O a6 8. Rb1
Rb8 9. a3 d6 10. b4 cxb4 11. axb4 b5 12. cxb5 axb5 13. d4 Bd7 14. Kh1 Qc8 15.
f4 Bh3 16. d5 Nd8 17. Qd3 Bxg2+ 18. Kxg2 Qc4 19. Qxc4 bxc4 20. Be3 Nd7 21. Bd4
f6 22. Rfc1 Nb7 23. Nb5 f5 24. Bxg7 Kxg7 25. Ned4 Kf6 26. exf5 gxf5 27. Nc6 Ra8
28. Rxc4 Ra2+ 29. Kf3 Rfa8 30. Re1 Nb6 31. Re6+ Kf7 32. Rxe7+ Kf8 33. Rd4 Nd8
34. Rxh7 Rb2 35. g4 Rb3+ 36. Ke2 Nxc6 37. dxc6 Re8+ 38. Kf2 Rb2+ 39. Kf3 Rb3+
40. Kf2 Rb2+ 41. Kf3 Rb3+ 1/2-1/2

[Event "3. Memorial Oliver Gonzalez 2012 - B"]
[Site "Madrid ESP"]
[Date "2012.09.08"]
[Round "8.26"]
[White "Titeiu, Melania"]
[Black "Ruiz Quevedo, Andres"]
[Result "0-1"]
[WhiteElo "1695"]
[BlackElo "1916"]
[PlyCount "146"]
[EventDate "2012.09.01"]
[EventType "swiss"]
[EventRounds "9"]
[EventCountry "ESP"]
[Source "lmi"]
[SourceDate "2012.09.01"]

1. c4 Nf6 2. d4 c5 3. Nf3 cxd4 4. Nxd4 d6 5. Nc3 e6 6. Bg5 Be7 7. Ndb5 a6 8.
Bxf6 gxf6 9. Nd4 O-O 10. Qc2 Nc6 11. Nxc6 bxc6 12. e3 Qa5 13. Qa4 Qxa4 14. Nxa4
Rb8 15. b3 c5 16. Nc3 f5 17. Bd3 Bf6 18. Rc1 Bb7 19. Ne2 Bc6 20. Rg1 a5 21. g4
fxg4 22. Rxg4+ Kh8 23. Kd2 a4 24. Bc2 axb3 25. Bxb3 Be5 26. f4 f5 27. Rgg1 Bb2
28. Rcf1 Bf6 29. Nc3 Rg8 30. Ne2 Rg6 31. Rg3 Rh6 32. Rf2 Bh4 33. Rh3 Rg8 34.
Ng3 Bxg3 35. Rxg3 Rxg3 36. hxg3 Rh3 37. a4 Rxg3 38. a5 Rg7 39. Ke1 Rg1+ 40. Rf1
Rg2 41. Rf2 Rg3 42. Ke2 Rg7 43. Kf1 Ra7 44. Ra2 Kg7 45. Bd1 Kf6 46. Rd2 d5 47.
Bf3 Rxa5 48. cxd5 exd5 49. Bxd5 Ra6 50. Bg8 Bb5+ 51. Ke1 h5 52. Rc2 Rc6 53. Bd5
Rc7 54. Bf3 Be8 55. Rh2 c4 56. Bxh5 Rh7 57. Bxe8 Rxh2 58. Kd1 c3 59. Ba4 Rd2+
60. Ke1 Ke7 61. Bb3 Rb2 62. Ba4 Kd6 63. Kd1 Kd5 64. Bc2 Ke6 65. Kc1 Kf6 66. Kd1
Ra2 67. Kc1 Ra5 68. e4 Ra1+ 69. Bb1 fxe4 70. Kc2 Kf5 71. Kc1 Rxb1+ 72. Kxb1
Kxf4 73. Kc1 Kf3 0-1

[Event "3. Memorial Oliver Gonzalez 2012 - B"]
[Site "Madrid ESP"]
[Date "2012.09.08"]
[Round "8.27"]
[White "Calleja Sanchez, Alfredo J"]
[Black "Martin Garcia, Francisco J"]
[Result "1-0"]
[WhiteElo "1903"]
[BlackElo "1609"]
[PlyCount "73"]
[EventDate "2012.09.01"]
[EventType "swiss"]
[EventRounds "9"]
[EventCountry "ESP"]
[Source "lmi"]
[SourceDate "2012.09.01"]

1. e4 c5 2. Nf3 d6 3. d4 cxd4 4. Nxd4 Nf6 5. Nc3 a6 6. f4 Nbd7 7. Be2 e5 8. Nb3
Be7 9. Be3 exf4 10. Bxf4 Ne5 11. O-O Be6 12. Kh1 O-O 13. Qd4 Qc7 14. Rac1 Rac8
15. Nd2 Rfd8 16. Nd5 Bxd5 17. exd5 Re8 18. c4 Nfd7 19. Ne4 Qb8 20. b4 Bf8 21.
c5 f6 22. c6 bxc6 23. dxc6 Nb6 24. Be3 Nxc6 25. Qxb6 Qxb6 26. Bxb6 Rxe4 27. Bf3
Rxb4 28. Bxc6 Rxc6 29. Rxc6 Rb2 30. Bc7 Rxa2 31. Bxd6 Bxd6 32. Rxd6 a5 33. h3
a4 34. Ra6 a3 35. Rb1 Kf7 36. Rb7+ Kg6 37. Rba7 1-0